Name The Full House Character By Their Actor - Statistics

General Stats
  • This quiz has been taken 62 times
  • The average score is 8 of 9
Answer Stats
Actor Character's Name % Correct
Bob Saget Danny
100%
Candace Cameron Bure D.J.
100%
John Stamos Jesse
100%
Dave Coulier Joey
100%
Mary Kate Olsen/Ashley Olsen Michelle
100%
Jodie Sweetin Stephanie
98%
Lori Loughlin Becky
97%
Andrea Barber Kimmy
93%
R.J. Williams Ricky
22%
No matching quizzes found
Score Distribution
Percent of People with Each Score
Percentile by Number Answered
Your Score History
You have not taken this quiz